| 000 | 00000nam 2200000zi 4500 |
| 001 | 9.942916 |
| 003 | CaOODSP |
| 005 | 20250212105531 |
| 006 | m o d f |
| 007 | cr cn |||||||| |
| 008 | 240906t20242024nscbdo ob f000 0 eng d |
| 020 | |a9780660735306 |
| 040 | |aCaOODSP|beng|erda|cCaOODSP |
| 043 | |an-cn-nk |
| 086 | 1 |aFs70-6/2024-051E-PDF |
| 245 | 00|aHabitat-based reference points for Saint John River alewife, upstream of the Mactaquac Dam. |
| 246 | 17|aHabitat-based reference points for Saint John River alewife |
| 264 | 1|aDartmouth, Nova Scotia : |bCanadian Science Advisory Secretariat : |bFisheries and Oceans Canada, Maritimes Region, Center for Science Advice (CSA) : |bBedford Institute of Oceanography, |c2024. |
| 264 | 4|c©2024 |
| 300 | |a1 online resource (12 pages) : |bmaps, graphs, photographs. |
| 336 | |atext|btxt|2rdacontent |
| 337 | |acomputer|bc|2rdamedia |
| 338 | |aonline resource|bcr|2rdacarrier |
| 490 | 1 |aScience advisory report, |x1919-5087 ; |v2024/051 |
| 500 | |aCaption title. |
| 500 | |a"October 2024." |
| 500 | |aIssued also in French under title: Points de référence fondés sur l'habitat pour le gaspareau de la rivière Saint-Jean, en amont du barrage de Mactaquac. |
| 504 | |aIncludes bibliographical references (pages 9-11). |
| 520 | |a"The construction of the Mactaquac Dam in 1967 has increased the amount of accessible nursery habitat for Saint John River Alewife (Alosa pseudoharengus), providing the potential for stock subunit expansion. Advice on reference points for the Saint John River Alewife stock subunit upstream of the Mactaquac Dam was requested by Fisheries and Oceans Canada (DFO) Resource Management to help determine the potential for stock size expansion of this Alewife stock subunit"--Context, page [1]. |
| 650 | 0|aAlosa pseudoharengus|xHabitat|zSaint John River Watershed (Me. and N.B.) |
| 650 | 0|aAlosa pseudoharengus fisheries|zSaint John River Watershed (Me. and N.B.) |
| 710 | 2 |aCanadian Science Advisory Secretariat, |eissuing body. |
| 710 | 1 |aCanada. |bDepartment of Fisheries and Oceans. |bMaritimes Region, |eissuing body. |
| 710 | 2 |aBedford Institute of Oceanography, |eissuing body. |
| 775 | 08|tPoints de référence fondés sur l'habitat pour le gaspareau de la rivière Saint-Jean, en amont du barrage de Mactaquac.|w(CaOODSP)9.942915 |
| 830 | #0|aScience advisory report (Canadian Science Advisory Secretariat)|x1919-5087 ; |v2024/051.|w(CaOODSP)9.506226 |
| 856 | 40|qPDF|s639 KB|uhttps://publications.gc.ca/collections/collection_2025/mpo-dfo/fs70-6/Fs70-6-2024-051-eng.pdf |